|
|
|
|
| LEADER |
00000nam0a2200000 4500 |
| 001 |
46925 |
| 005 |
20231101211046.0 |
| 035 |
|
|
|a (RuTPU)RU\TPU\book\48998
|
| 090 |
|
|
|a 46925
|
| 100 |
|
|
|a 20030129d1972 m y0rusy50 ca
|
| 101 |
1 |
|
|a rus
|c eng
|
| 102 |
|
|
|a RU
|
| 105 |
|
|
|a y j 001zy
|
| 200 |
1 |
|
|a Курс физической органической химии
|e пер. с англ.
|f К. Райд
|
| 210 |
|
|
|a Москва
|c Мир
|d 1972
|
| 215 |
|
|
|a 575 с.
|c ил.
|
| 320 |
|
|
|a Библиогр. 551.
|
| 320 |
|
|
|a Предм. указ.: с. 552-571.
|
| 606 |
1 |
|
|a Органическая химия, физическая
|2 stltpush
|3 (RuTPU)RU\TPU\subj\75625
|9 87314
|
| 610 |
1 |
|
|a химия
|
| 610 |
1 |
|
|a физическая химия
|
| 610 |
1 |
|
|a органические соединения
|
| 610 |
1 |
|
|a строение
|
| 610 |
1 |
|
|a исследование
|
| 610 |
1 |
|
|a физические методы
|
| 610 |
1 |
|
|a углеводороды
|
| 610 |
1 |
|
|a галогенсодержащие соединения
|
| 610 |
1 |
|
|a эфиры
|
| 610 |
1 |
|
|a карбонильные соединения
|
| 610 |
1 |
|
|a серосодержащие соединения
|
| 610 |
1 |
|
|a азотсодержащие соединения
|
| 610 |
1 |
|
|a гетероциклические соединения
|
| 610 |
1 |
|
|a библиотека А. Г. Стромберга
|
| 675 |
|
|
|a 547:544
|v 3
|
| 700 |
|
1 |
|a Райд
|b К.
|
| 801 |
|
1 |
|a RU
|b 63413507
|c 20030129
|g PSBO
|
| 801 |
|
2 |
|a RU
|b 63413507
|c 20170912
|g PSBO
|
| 942 |
|
|
|c BK
|